[Event "PMPM"]
[Site "Karpacz"]
[Date "2022.12.11"]
[Round "9.10"]
[White "Chylewski, Patryk"]
[Black "Kaczmarek, Arkadiusz"]
[Result "1-0"]
[BlackElo "2141"]
[WhiteElo "2291"]
[LiveChessVersion "1.4.8"]

1. c4 e5 {[%clk 1:28:53]} 2. Nc3 {[%clk 1:31:08]} d6 {[%clk 1:27:35]} 3. e3
{[%clk 1:28:36]} f5 {[%clk 1:27:47]} 4. d4 {[%clk 1:28:00]} Be7 {[%clk 1:27:59]}
5. Nf3 {[%clk 1:27:36]} e4 {[%clk 1:27:09]} 6. Nd2 {[%clk 1:27:21]} c6
{[%clk 1:24:50]} 7. h4 {[%clk 1:24:08]} d5 {[%clk 1:22:33]} 8. g3
{[%clk 1:23:20]} Nf6 {[%clk 1:22:26]} 9. Be2 {[%clk 1:19:52]} O-O
{[%clk 1:21:32]} 10. b3 {[%clk 1:16:03]} Be6 {[%clk 1:16:08]} 11. Bb2
{[%clk 1:15:29]} a5 {[%clk 1:14:44]} 12. Na4 {[%clk 1:14:11]} Nbd7
{[%clk 1:01:10]} 13. Rc1 {[%clk 1:11:59]} Kh8 {[%clk 1:00:23]} 14. Nb1
{[%clk 1:06:21]} g6 {[%clk 0:53:59]} 15. Qd2 {[%clk 1:04:05]} h6 {[%clk 0:44:42]}
16. Ba3 {[%clk 1:02:53]} Kg7 {[%clk 0:42:21]} 17. Bxe7 {[%clk 0:59:51]} Qxe7
{[%clk 0:42:09]} 18. Nbc3 {[%clk 0:59:50]} g5 {[%clk 0:41:54]} 19. cxd5
{[%clk 0:58:21]} Nxd5 {[%clk 0:41:56]} 20. Nxd5 {[%clk 0:58:11]} Bxd5
{[%clk 0:41:50]} 21. Bc4 {[%clk 0:54:53]} Nf6 {[%clk 0:33:32]} 22. Nb6
{[%clk 0:54:16]} Rad8 {[%clk 0:33:43]} 23. Bxd5 {[%clk 0:47:48]} Nxd5
{[%clk 0:28:17]} 24. Nxd5 {[%clk 0:44:01]} Rxd5 {[%clk 0:28:30]} 25. hxg5
{[%clk 0:33:58]} hxg5 {[%clk 0:28:48]} 26. Qe2 {[%clk 0:33:24]} g4
{[%clk 0:26:58]} 27. Kf1 {[%clk 0:32:45]} Qa3 {[%clk 0:18:08]} 28. Kg2
{[%clk 0:28:11]} Rh8 {[%clk 0:18:07]} 29. Rxh8 {[%clk 0:18:59]} Kxh8
{[%clk 0:18:10]} 30. Rh1+ {[%clk 0:17:49]} Kg7 {[%clk 0:18:25]} 31. Qd1
{[%clk 0:14:19]} Qxa2 {[%clk 0:17:26]} 32. Rh5 {[%clk 0:14:01]} Qa3
{[%clk 0:06:41]} 33. Qh1 {[%clk 0:14:17]} Qf8 {[%clk 0:06:56]} 34. Rh7+
{[%clk 0:07:12]} Kg6 {[%clk 0:06:56]} 35. Qh5+ {[%clk 0:07:11]} Kf6
{[%clk 0:07:15]} 36. Rxb7 {[%clk 0:06:11]} Rb5 {[%clk 0:05:15]} 37. Rc7
{[%clk 0:05:47]} Rb6 {[%clk 0:05:22]} 38. Rh7 {[%clk 0:05:31]} Ra6
{[%clk 0:01:49]} 39. Rh8 {[%clk 0:04:43]} Qg7 {[%clk 0:00:40]} 40. Rh6+
{[%clk 0:35:06]} 1-0

[Event "PMPM"]
[Site "Karpacz"]
[Date "2022.12.11"]
[Round "9.11"]
[White "Zielonka, Adam"]
[Black "Backiel, Hubert"]
[Result "1-0"]
[BlackElo "2208"]
[WhiteElo "1991"]
[LiveChessVersion "1.4.8"]

1. e4 {[%clk 1:30:59]} c5 {[%clk 1:30:43]} 2. Nf3 {[%clk 1:31:26]} Nc6
{[%clk 1:30:31]} 3. d4 {[%clk 1:31:49]} cxd4 {[%clk 1:30:57]} 4. Nxd4
{[%clk 1:32:16]} Nf6 {[%clk 1:31:20]} 5. Nc3 {[%clk 1:32:40]} d6 {[%clk 1:31:46]}
6. Be2 {[%clk 1:32:49]} e6 {[%clk 1:31:28]} 7. O-O {[%clk 1:32:41]} Be7
{[%clk 1:31:51]} 8. Be3 {[%clk 1:32:54]} O-O {[%clk 1:32:03]} 9. f4
{[%clk 1:32:52]} a6 {[%clk 1:32:10]} 10. a4 {[%clk 1:28:55]} Qc7 {[%clk 1:31:16]}
11. Kh1 {[%clk 1:24:57]} Bd7 {[%clk 1:31:28]} 12. Qe1 {[%clk 1:23:46]} Nb4
{[%clk 1:30:38]} 13. Qg3 {[%clk 1:12:21]} d5 {[%clk 1:14:26]} 14. e5
{[%clk 1:11:01]} Ne4 {[%clk 1:14:45]} 15. Nxe4 {[%clk 1:11:10]} dxe4
{[%clk 1:15:06]} 16. f5 {[%clk 0:50:22]} exf5 {[%clk 1:08:53]} 17. Bh6
{[%clk 0:50:32]} g6 {[%clk 1:03:51]} 18. c3 {[%clk 0:49:50]} Nc6 {[%clk 0:57:47]}
19. Nxf5 {[%clk 0:49:48]} Bxf5 {[%clk 0:56:54]} 20. Rxf5 {[%clk 0:50:12]} Rfc8
{[%clk 0:51:04]} 21. Raf1 {[%clk 0:34:38]} Nd8 {[%clk 0:47:59]} 22. Bg4
{[%clk 0:26:10]} Qc4 {[%clk 0:13:59]} 23. e6 {[%clk 0:19:04]} Qxe6
{[%clk 0:07:05]} 24. Re5 {[%clk 0:08:43]} Qc4 {[%clk 0:06:30]} 25. Re1
{[%clk 0:07:10]} Ne6 {[%clk 0:03:46]} 26. R5xe4 {[%clk 0:06:45]} Qc5
{[%clk 0:01:51]} 27. Re5 {[%clk 0:05:02]} Qc7 {[%clk 0:01:19]} 28. Rxe6
{[%clk 0:03:01]} fxe6 {[%clk 0:01:45]} 29. Bxe6+ {[%clk 0:03:27]} Kh8
{[%clk 0:02:11]} 30. Bxc8 {[%clk 0:01:52]} Rxc8 {[%clk 0:02:04]} 31. Bf4
{[%clk 0:01:46]} Qd7 {[%clk 0:01:58]} 32. Be5+ {[%clk 0:01:29]} Kg8
{[%clk 0:02:27]} 33. Bd4 {[%clk 0:01:53]} Bd6 {[%clk 0:02:31]} 34. Qf3
{[%clk 0:01:14]} Qf7 {[%clk 0:02:08]} 35. Qxf7+ {[%clk 0:01:15]} Kxf7
{[%clk 0:02:37]} 36. g3 {[%clk 0:01:44]} b5 {[%clk 0:00:37]} 37. axb5
{[%clk 0:02:04]} axb5 {[%clk 0:01:06]} 38. Ra1 {[%clk 0:02:06]} Re8
{[%clk 0:00:34]} 39. Ra7+ {[%clk 0:02:27]} Re7 {[%clk 0:01:03]} 40. Ra6
{[%clk 0:31:39]} Re1+ {[%clk 0:30:34]} 41. Kg2 {[%clk 0:31:58]} Be7
{[%clk 0:30:04]} 42. Kf3 {[%clk 0:31:48]} h5 {[%clk 0:17:12]} 43. h4
{[%clk 0:29:13]} Rf1+ {[%clk 0:09:30]} 44. Ke4 {[%clk 0:27:19]} Rf5
{[%clk 0:06:54]} 45. b4 {[%clk 0:25:34]} g5 {[%clk 0:05:24]} 1-0

[Event "PMPM"]
[Site "Karpacz"]
[Date "2022.12.11"]
[Round "9.12"]
[White "Madej, Marek"]
[Black "Rog, Bartlomiej"]
[Result "0-1"]
[BlackElo "1969"]
[WhiteElo "2169"]
[LiveChessVersion "1.4.8"]

1. e4 {[%clk 1:30:45]} g6 {[%clk 1:30:53]} 2. d4 {[%clk 1:29:57]} d6
{[%clk 1:31:13]} 3. Nf3 {[%clk 1:27:40]} Bg7 {[%clk 1:31:15]} 4. Bc4
{[%clk 1:22:27]} Nf6 {[%clk 1:31:07]} 5. Nc3 {[%clk 1:22:20]} O-O
{[%clk 1:31:25]} 6. Bb3 {[%clk 1:18:03]} Bg4 {[%clk 1:25:31]} 7. Be3
{[%clk 1:14:45]} Nc6 {[%clk 1:23:37]} 8. Qd2 {[%clk 1:13:58]} e5 {[%clk 1:23:37]}
9. d5 {[%clk 1:14:23]} Bxf3 {[%clk 1:23:56]} 10. gxf3 {[%clk 1:14:32]} Nd4
{[%clk 1:24:17]} 11. Bxd4 {[%clk 1:14:00]} exd4 {[%clk 1:24:33]} 12. Ne2
{[%clk 1:11:28]} Nd7 {[%clk 1:21:13]} 13. O-O-O {[%clk 1:05:03]} Qh4
{[%clk 1:20:41]} 14. Qe1 {[%clk 0:57:12]} f5 {[%clk 1:15:04]} 15. Nxd4
{[%clk 0:51:42]} fxe4 {[%clk 1:14:06]} 16. Ne6 {[%clk 0:51:34]} Rxf3
{[%clk 1:14:13]} 17. Qb4 {[%clk 0:51:54]} Qf6 {[%clk 1:02:12]} 18. Nxg7
{[%clk 0:50:30]} Qxg7 {[%clk 1:02:00]} 19. Qxb7 {[%clk 0:47:51]} Nb6
{[%clk 1:01:57]} 20. Rhe1 {[%clk 0:43:37]} Re8 {[%clk 0:55:49]} 21. Re2
{[%clk 0:40:51]} a5 {[%clk 0:49:11]} 22. Qc6 {[%clk 0:37:22]} Qd7
{[%clk 0:49:32]} 23. Qxd7 {[%clk 0:37:48]} Nxd7 24. Ba4 Re7 {[%clk 0:49:45]} 25.
Bxd7 {[%clk 0:38:11]} Rxd7 26. Rd4 {[%clk 0:32:05]} Rh3 {[%clk 0:48:59]} 27.
Rdxe4 {[%clk 0:31:51]} Rxh2 {[%clk 0:47:28]} 28. Ra4 {[%clk 0:26:24]} h5
{[%clk 0:46:38]} 29. Kd2 {[%clk 0:26:12]} h4 {[%clk 0:44:53]} 30. f3
{[%clk 0:25:50]} Rh1 {[%clk 0:40:41]} 31. Rxa5 {[%clk 0:17:36]} Rh7 32. Ra7 Kf8
{[%clk 0:40:14]} 33. Re6 {[%clk 0:16:05]} h3 {[%clk 0:39:03]} 34. Rf6+
{[%clk 0:08:21]} Ke8 {[%clk 0:33:59]} 35. Re6+ {[%clk 0:08:19]} Kd7
{[%clk 0:33:26]} 36. Re4 {[%clk 0:06:18]} h2 {[%clk 0:33:41]} 37. Rc4
{[%clk 0:06:45]} Kc8 {[%clk 0:32:51]} 38. Ra8+ Kb7 39. Rca4 Rd1+ 40. Kc3 Rxd5 0-1

[Event "PMPM"]
[Site "Karpacz"]
[Date "2022.12.11"]
[Round "9.13"]
[White "Licznerski, Lukasz"]
[Black "Nowak, Lukasz"]
[Result "1-0"]
[BlackElo "2370"]
[WhiteElo "2441"]
[LiveChessVersion "1.4.8"]

1. e4 {[%clk 1:30:53]} c5 {[%clk 1:30:54]} 2. Nf3 {[%clk 1:31:07]} Nc6
{[%clk 1:31:16]} 3. d4 {[%clk 1:31:15]} cxd4 {[%clk 1:31:34]} 4. Nxd4
{[%clk 1:31:41]} Nf6 {[%clk 1:31:54]} 5. Nc3 {[%clk 1:32:07]} e5 {[%clk 1:32:16]}
6. Ndb5 {[%clk 1:31:56]} d6 {[%clk 1:32:36]} 7. Bg5 {[%clk 1:31:47]} a6
{[%clk 1:32:56]} 8. Na3 {[%clk 1:32:12]} b5 {[%clk 1:33:19]} 9. Nd5
{[%clk 1:32:32]} Be7 {[%clk 1:33:39]} 10. Bxf6 {[%clk 1:32:56]} Bxf6
{[%clk 1:34:02]} 11. c3 {[%clk 1:33:22]} Rb8 {[%clk 1:34:22]} 12. Be2
{[%clk 1:30:14]} Bg5 {[%clk 1:33:08]} 13. O-O {[%clk 1:25:44]} O-O
{[%clk 1:33:23]} 14. Nc2 {[%clk 1:25:20]} a5 {[%clk 1:33:40]} 15. a3
{[%clk 1:19:27]} Be6 {[%clk 1:33:05]} 16. b4 {[%clk 1:17:34]} Ne7
{[%clk 1:07:13]} 17. Nce3 {[%clk 1:17:14]} Bxe3 {[%clk 0:55:59]} 18. Nxe3
{[%clk 1:16:47]} Qc7 {[%clk 0:56:07]} 19. bxa5 {[%clk 1:11:55]} Rfd8
{[%clk 0:56:08]} 20. a4 {[%clk 1:06:02]} b4 {[%clk 0:56:27]} 21. cxb4
{[%clk 1:02:57]} Rxb4 {[%clk 0:56:45]} 22. a6 {[%clk 1:01:48]} Rxe4
{[%clk 0:55:17]} 23. Qb1 {[%clk 0:58:48]} d5 {[%clk 0:44:09]} 24. Qb7
{[%clk 0:56:30]} Qd7 {[%clk 0:43:27]} 25. Rfb1 {[%clk 0:44:05]} Kf8
{[%clk 0:36:01]} 26. a7 {[%clk 0:41:17]} Qxb7 {[%clk 0:23:59]} 27. Rxb7
{[%clk 0:41:38]} Nc6 {[%clk 0:24:23]} 28. Bb5 {[%clk 0:40:49]} Nxa7
{[%clk 0:23:56]} 29. Rxa7 {[%clk 0:41:16]} d4 {[%clk 0:24:14]} 30. Bc6
{[%clk 0:38:52]} Rf4 {[%clk 0:23:06]} 31. g3 {[%clk 0:39:08]} Rf6
{[%clk 0:23:27]} 32. Nf1 {[%clk 0:39:14]} Bb3 {[%clk 0:20:49]} 33. Bg2
{[%clk 0:38:58]} Bc2 {[%clk 0:17:54]} 34. Nd2 {[%clk 0:34:19]} Re6
{[%clk 0:17:52]} 35. Rc7 {[%clk 0:34:21]} Bd3 {[%clk 0:18:10]} 36. Ne4
{[%clk 0:34:37]} Bxe4 {[%clk 0:18:04]} 37. Bxe4 {[%clk 0:35:03]} d3
{[%clk 0:18:27]} 38. Rcc1 {[%clk 0:31:08]} g6 {[%clk 0:17:52]} 39. Rd1
{[%clk 0:31:01]} Red6 {[%clk 0:17:32]} 40. a5 {[%clk 1:01:26]} 1-0

[Event "PMPM"]
[Site "Karpacz"]
[Date "2022.12.11"]
[Round "9.14"]
[White "Trybus, Daniel"]
[Black "Jaskiewicz, Kacper"]
[Result "1/2-1/2"]
[BlackElo "1927"]
[WhiteElo "2258"]
[LiveChessVersion "1.4.8"]

1. e4 {[%clk 1:30:59]} c5 {[%clk 1:30:57]} 2. Nf3 {[%clk 1:31:26]} Nc6
{[%clk 1:31:24]} 3. d4 {[%clk 1:31:53]} cxd4 {[%clk 1:31:50]} 4. Nxd4
{[%clk 1:32:22]} e5 {[%clk 1:32:13]} 5. Nb5 {[%clk 1:32:49]} d6 {[%clk 1:32:39]}
6. c4 {[%clk 1:33:17]} Be7 {[%clk 1:32:54]} 7. N1c3 {[%clk 1:33:40]} a6
{[%clk 1:33:21]} 8. Na3 {[%clk 1:34:08]} f5 {[%clk 1:33:38]} 9. exf5
{[%clk 1:34:32]} Bxf5 {[%clk 1:34:07]} 10. Bd3 {[%clk 1:34:57]} Be6
{[%clk 1:34:32]} 11. Nc2 {[%clk 1:34:33]} Nf6 {[%clk 1:34:48]} 12. Bg5
{[%clk 1:34:44]} O-O {[%clk 1:34:38]} 13. Bxf6 {[%clk 1:34:02]} gxf6
{[%clk 1:34:24]} 14. Ne3 {[%clk 1:34:25]} f5 {[%clk 1:34:28]} 15. Ned5
{[%clk 1:32:56]} Rf7 {[%clk 1:29:48]} 16. O-O {[%clk 1:33:00]} e4
{[%clk 1:22:57]} 17. Nf4 {[%clk 1:29:01]} Bd7 {[%clk 1:20:12]} 18. Bc2
{[%clk 1:29:20]} Kh8 {[%clk 1:18:52]} 19. Qh5 {[%clk 1:25:32]} Ne5
{[%clk 1:17:49]} 20. c5 {[%clk 1:24:51]} Rg7 {[%clk 1:13:26]} 21. Rad1
{[%clk 1:22:26]} Rg4 {[%clk 1:11:20]} 22. g3 {[%clk 1:17:34]} Qg8
{[%clk 1:03:18]} 23. cxd6 {[%clk 1:13:17]} Rh4 {[%clk 1:00:54]} 24. dxe7
{[%clk 1:09:54]} Rxh5 {[%clk 1:01:15]} 25. Nxh5 {[%clk 1:10:22]} Qf7
{[%clk 1:01:05]} 26. Nf4 {[%clk 1:09:05]} Qxe7 {[%clk 1:01:09]} 27. Ncd5
{[%clk 1:08:23]} Qc5 {[%clk 1:00:27]} 28. Ne3 {[%clk 1:07:19]} Bc6
{[%clk 0:54:00]} 29. Ne6 {[%clk 1:04:49]} Nf3+ {[%clk 0:54:24]} 30. Kg2
{[%clk 1:04:33]} Qe7 {[%clk 0:50:29]} 31. Bb3 {[%clk 1:04:35]} Bb5
{[%clk 0:49:26]} 32. Rh1 {[%clk 1:04:12]} Be2 {[%clk 0:31:28]} 33. Nxf5
{[%clk 0:55:28]} Qf6 {[%clk 0:29:09]} 34. Rd5 {[%clk 0:54:04]} Rg8
{[%clk 0:27:33]} 35. Rc1 {[%clk 0:49:59]} Ne5 {[%clk 0:21:43]} 36. Rxe5
{[%clk 0:49:00]} Qxe5 {[%clk 0:15:48]} 37. Nh6 {[%clk 0:49:21]} Qh5
{[%clk 0:16:11]} 38. Nxg8 {[%clk 0:44:43]} Qf3+ {[%clk 0:16:31]} 39. Kh3
{[%clk 0:45:11]} Qg4+ 40. Kg2 {[%clk 1:15:36]} Qf3+ {[%clk 0:34:57]} 41. Kh3
{[%clk 1:16:05]} Qg4+ {[%clk 0:18:01]} 42. Kg2 {[%clk 1:16:31]} Qf3+
{[%clk 0:04:23]} 43. Kh3 {[%clk 1:16:31]} 1/2-1/2

[Event "PMPM"]
[Site "Karpacz"]
[Date "2022.12.11"]
[Round "9.16"]
[White "Owoc, Jakub"]
[Black "Hadrys, Bogdan"]
[Result "1/2-1/2"]
[BlackElo "1919"]
[WhiteElo "1837"]
[LiveChessVersion "1.4.8"]

1. d4 {[%clk 1:30:56]} Nf6 {[%clk 1:29:20]} 2. c4 {[%clk 1:31:17]} g6
{[%clk 1:30:11]} 3. Nc3 {[%clk 1:31:40]} Bg7 {[%clk 1:30:38]} 4. e4
{[%clk 1:32:03]} d6 {[%clk 1:31:05]} 5. f4 {[%clk 1:32:26]} c5 {[%clk 1:29:06]}
6. d5 {[%clk 1:31:22]} O-O {[%clk 1:28:38]} 7. Nf3 {[%clk 1:31:46]} e6
{[%clk 1:28:52]} 8. Be2 {[%clk 1:32:11]} exd5 {[%clk 1:28:43]} 9. cxd5
{[%clk 1:32:11]} a6 {[%clk 1:17:52]} 10. a4 {[%clk 1:31:23]} Bg4 {[%clk 0:43:20]}
11. O-O {[%clk 1:31:26]} Bxf3 {[%clk 0:42:55]} 12. Bxf3 {[%clk 1:31:49]} b6
{[%clk 0:37:26]} 13. g4 {[%clk 1:30:20]} Nfd7 {[%clk 0:36:16]} 14. Qe1
{[%clk 1:25:22]} Re8 {[%clk 0:35:19]} 15. Qg3 {[%clk 1:24:15]} Ra7
{[%clk 0:33:53]} 16. Bd2 {[%clk 1:22:52]} Nf8 {[%clk 0:25:12]} 17. Rae1
{[%clk 1:21:05]} Rae7 {[%clk 0:26:10]} 18. h4 {[%clk 1:18:15]} Kh8
{[%clk 0:21:48]} 19. Kg2 {[%clk 1:16:32]} f5 {[%clk 0:22:11]} 20. gxf5
{[%clk 1:13:50]} gxf5 {[%clk 0:22:33]} 21. exf5 {[%clk 1:09:06]} Bd4
{[%clk 0:21:25]} 22. Bh5 {[%clk 1:02:01]} Rxe1 {[%clk 0:20:03]} 23. Rxe1
{[%clk 1:02:27]} Re7 {[%clk 0:20:05]} 24. Rxe7 {[%clk 0:44:59]} Qxe7
{[%clk 0:20:33]} 25. Kf3 {[%clk 0:45:28]} Nbd7 {[%clk 0:19:20]} 26. Qe1
{[%clk 0:40:53]} Qf6 {[%clk 0:12:07]} 27. Bg4 {[%clk 0:38:00]} Qh6
{[%clk 0:11:58]} 28. Ne4 {[%clk 0:35:17]} Nf6 {[%clk 0:09:44]} 29. Ng5
{[%clk 0:35:28]} Qg7 {[%clk 0:09:15]} 30. Bh3 {[%clk 0:34:26]} Qb7
{[%clk 0:07:30]} 31. Kg3 {[%clk 0:31:20]} Bxb2 {[%clk 0:03:07]} 32. Bg2
{[%clk 0:27:28]} b5 {[%clk 0:03:05]} 33. axb5 {[%clk 0:27:44]} axb5
{[%clk 0:03:33]} 34. Ne6 {[%clk 0:26:43]} N8d7 {[%clk 0:03:47]} 35. Nd8
{[%clk 0:26:13]} Qb8 {[%clk 0:01:03]} 36. Qe7 {[%clk 0:24:19]} b4
{[%clk 0:01:25]} 37. Nf7+ {[%clk 0:20:04]} Kg8 {[%clk 0:01:30]} 38. Nh6+
{[%clk 0:09:33]} Kh8 {[%clk 0:01:57]} 39. Nf7+ {[%clk 0:09:59]} Kg8
{[%clk 0:02:14]} 40. Nh6+ {[%clk 0:10:24]} Kh8 {[%clk 0:02:36]} 41. Nf7+
{[%clk 0:37:40]} Kg8 {[%clk 0:33:02]} 42. Nh6+ {[%clk 0:22:51]} Kh8
{[%clk 0:33:30]} 43. Nf7+ 1/2-1/2

[Event "PMPM"]
[Site "Karpacz"]
[Date "2022.12.11"]
[Round "9.18"]
[White "Nowak, Filip"]
[Black "Ciszewski, Krzysztof"]
[Result "0-1"]
[BlackElo "1974"]
[WhiteElo "1930"]
[LiveChessVersion "1.4.8"]

1. e4 {[%clk 1:30:57]} c5 {[%clk 1:29:00]} 2. Nf3 {[%clk 1:31:19]} d6
{[%clk 1:29:19]} 3. d4 {[%clk 1:31:38]} cxd4 {[%clk 1:29:36]} 4. Nxd4
{[%clk 1:32:04]} Nf6 {[%clk 1:30:02]} 5. Nc3 {[%clk 1:32:19]} a6 {[%clk 1:30:21]}
6. Be3 {[%clk 1:32:45]} e5 {[%clk 1:30:47]} 7. Nf3 {[%clk 1:33:07]} Be7
{[%clk 1:29:07]} 8. Bc4 {[%clk 1:33:29]} O-O {[%clk 1:29:24]} 9. O-O
{[%clk 1:33:53]} Be6 {[%clk 1:29:03]} 10. Bb3 {[%clk 1:34:16]} b5
{[%clk 1:20:10]} 11. Bd5 {[%clk 1:27:14]} Bxd5 {[%clk 1:20:26]} 12. Nxd5
{[%clk 1:27:38]} Nxd5 {[%clk 1:20:17]} 13. Qxd5 {[%clk 1:28:01]} Nd7
{[%clk 1:20:38]} 14. Rfd1 {[%clk 1:27:49]} Qc7 {[%clk 1:16:37]} 15. Bg5
{[%clk 1:21:18]} Bxg5 {[%clk 1:13:49]} 16. Nxg5 {[%clk 1:21:39]} Rad8
{[%clk 1:03:24]} 17. Qxd6 {[%clk 1:17:13]} Qxc2 {[%clk 0:59:07]} 18. Rd2
{[%clk 0:52:32]} Qc4 {[%clk 0:51:02]} 19. b3 {[%clk 0:51:19]} Qc3
{[%clk 0:47:15]} 20. Rad1 {[%clk 0:51:21]} h6 {[%clk 0:46:42]} 21. Qe7
{[%clk 0:40:36]} hxg5 {[%clk 0:44:12]} 22. Rxd7 {[%clk 0:40:24]} Rxd7
{[%clk 0:44:32]} 23. Qxd7 {[%clk 0:40:48]} Qc2 {[%clk 0:43:09]} 24. Qd2
{[%clk 0:40:24]} Qxd2 {[%clk 0:37:13]} 25. Rxd2 {[%clk 0:40:44]} Rc8
{[%clk 0:33:42]} 26. h3 {[%clk 0:39:35]} Rc6 {[%clk 0:33:53]} 27. Rd8+
{[%clk 0:36:12]} Kh7 {[%clk 0:33:24]} 28. Ra8 {[%clk 0:36:13]} Kg6
{[%clk 0:30:47]} 29. f3 {[%clk 0:32:27]} f6 {[%clk 0:31:05]} 30. Kh2
{[%clk 0:32:14]} Kf7 {[%clk 0:30:23]} 31. Ra7+ {[%clk 0:27:06]} Ke6
{[%clk 0:25:07]} 32. b4 {[%clk 0:27:15]} g6 {[%clk 0:23:58]} 33. Kg3
{[%clk 0:25:58]} f5 {[%clk 0:23:03]} 34. h4 {[%clk 0:24:31]} Kf6 {[%clk 0:19:17]}
35. exf5 {[%clk 0:23:37]} gxh4+ {[%clk 0:19:33]} 36. Kxh4 {[%clk 0:23:42]} gxf5
{[%clk 0:19:16]} 37. Kg3 {[%clk 0:16:05]} Kg5 {[%clk 0:18:11]} 38. Rg7+
{[%clk 0:12:55]} Kf6 {[%clk 0:11:47]} 39. Ra7 {[%clk 0:12:55]} Ke6
{[%clk 0:07:57]} 40. a3 {[%clk 0:40:25]} Kd5 {[%clk 0:37:08]} 41. Rd7+
{[%clk 0:37:48]} Kc4 {[%clk 0:35:57]} 42. Rf7 {[%clk 0:37:51]} f4+
{[%clk 0:20:18]} 43. Kg4 {[%clk 0:37:08]} Kb3 {[%clk 0:19:06]} 44. Kf5
{[%clk 0:36:41]} Kxa3 {[%clk 0:18:34]} 45. Kxe5 {[%clk 0:37:06]} Kxb4
{[%clk 0:18:47]} 46. Rxf4+ {[%clk 0:37:25]} Kc3 {[%clk 0:18:00]} 47. g4
{[%clk 0:36:15]} b4 {[%clk 0:17:59]} 48. g5 {[%clk 0:36:41]} b3 {[%clk 0:17:42]}
49. Rf6 {[%clk 0:36:42]} Rc5+ {[%clk 0:17:30]} 50. Kf4 {[%clk 0:36:19]} b2
{[%clk 0:17:29]} 51. Rb6 {[%clk 0:36:36]} Rb5 {[%clk 0:17:51]} 52. Rc6+
{[%clk 0:37:01]} Kb3 {[%clk 0:17:47]} 0-1